MARC

LEADER 00000nam0a2200000 4500
001 678506
005 20250207105357.0
090 |a 678506 
100 |a 20250207d1979 k||y0rusy50 ca 
101 0 |a rus 
102 |a RU 
105 |a a z 001yy 
181 0 |a i   |b  e  
182 0 |a n 
183 0 |a nc  |2 RDAcarrier 
200 1 |a Оптимизация строительства магистральных трубопроводов  |f В. Г. Карпов, В. Е. Тищенко  
203 |a Текст  |b визуальный  |c непосредственный 
210 |a Уфа  |c Башкирское книжное изд-во  |d 1979 
215 |a 160 с.  |c ил. 
283 |a volume  |2 RDAcarrier 
320 |a Литература: с. 107-108 
606 1 |a Трубопроводы магистральные  |x Строительство  |9 86036 
610 1 |a трубы 
610 1 |a строительные потоки 
610 1 |a сетевое планирование 
610 1 |a технологические потоки 
610 1 |a монтаж 
675 |a 622.691.4.07  |v 4 
700 1 |a Карпов  |b В, Г.  |g Вячеслав Григорьевич 
701 1 |a Тищенко  |b В. Е.  |g Виктор Елисеевич 
801 0 |a RU  |b 63413507  |c 20250207 
830 |a Ретро2025Каталогизация Мотырева 
850 |a 63413507 
942 |c BK